| 000 | 01316nam a22003735a 4500 | ||
|---|---|---|---|
| 001 | 016199694 | ||
| 003 | EG-ScBUE | ||
| 005 | 20220612114023.0 | ||
| 006 | m||||fq||i 00| 0 | ||
| 008 | 121023r20152013enka f 000 0 eng d | ||
| 020 | _a9781447936862 | ||
| 020 | _a9781447906391 (CD) | ||
| 040 |
_aStDuBDS _beng _erda _cStDuBDS _dEG-ScBUE |
||
| 082 | 0 | 4 |
_a428.24 _bGRE _222 |
| 100 | 1 |
_aGreene, Stephen, _eauthor. _938620 |
|
| 245 | 1 | 0 |
_aCutting edge : _belementary, _pTeacher's resource book with resource disc / _cStephen Greene, Sarah Cunningham, Peter Moor. |
| 246 | 3 | 0 | _aTeacher's resource book with resource disc |
| 250 | _aThird edition. | ||
| 264 | 1 |
_aHarlow, England : _bPearson Education Limited, _c2015. |
|
| 300 |
_a111 pages : _billustrations ; _c30 cm + _e1 DVD |
||
| 336 |
_2rdacontent _atext _btxt |
||
| 336 |
_2rdacontent _aspoken word _bspw |
||
| 337 |
_2rdamedia _aunmediated _bn |
||
| 337 |
_2rdamedia _avideo _bv |
||
| 338 |
_2rdacarrier _avolume _bnc |
||
| 338 |
_2rdacarrier _acomputer disc _bcd |
||
| 650 | 7 |
_aEnglish language _xStudy and teaching (Secondary) _xForeign speakers. _2BUEsh _97782 |
|
| 651 | _2BUEsh | ||
| 653 |
_cOctober2016 _bNNUR _bHHUUEENN |
||
| 655 |
_vReading book _934232 |
||
| 700 | 1 |
_aCunningham, Sarah, _eauthor. |
|
| 700 | 1 |
_aMoor, Peter, _eauthor. |
|
| 942 |
_2ddc _cTR |
||
| 999 |
_c22866 _d22838 |
||